Państwa z największą liczbą medali MŚ, IO, PK i mistrzostw kontynentu - Statystyki

Ogólne statystyki
  • Ten quiz został rozwiązany 133 razy
  • Średni wynik to 7 z 10
Statystyki odpowiedzi
Lp. Liczba medali Odpowiedź % Poprawnych
1. 49 Brazylia (9x MŚ, 7x IO, 28x CA, 5x PK)
99%
5. 26 Niemcy (12x MŚ, 3x IO, 9x ME, 2x PK
98%
2. 47 Argentyna (6x MŚ, 4x IO, 34x CA, 3x PK)
97%
8. 17 Włochy (7x MŚ, 2x IO, 4x ME, 2x PK, 1x Liga Narodów UEFA)
93%
10. 15 Francja (6x MŚ, 2x IO, 4x ME, 2x PK, 1x Liga Narodów UEFA)
89%
3. 34 Urugwaj (2x MŚ, 2x IO, 30x CA)
77%
6. 23 Stany Zjednoczone (1x MŚ, 2x IO, 3x PK, 15x Złoty Puchar CONCACAF, 2x Liga Narodów CONCACAF)
76%
4. 30 Meksyk (2x IO, 5x CA, 2x PK, 19x Złoty Puchar CONCACAF, 2x Liga Narodów CONCACAF)
57%
7. 20 Nigeria (3x IO, 15x Puchar Narodów Afryki, 2x Mistrzostwa Narodów Afryki)
33%
9. 16 Paragwaj (1x IO, 15x CA)
13%
Nie znaleziono quizów pasujących do podanych kryteriów
Rozkład punktacji
Procent ludzi z każdym wynikiem
Percentyl według liczby udzielonych odpowiedzi
Twoja historia wyników
Nie rozwiązałeś tego quizu